00281 a2200109 4500000002500000100002400025110002400049245001900073250001900092260003000111264003000141 nam a22 7a 4500 aShukla, Tushar Dhas aShukla, Tushar Dhas aYoga Education aLatest edition bKhel Sahitya Kendrac2025 bKhel Sahitya Kendrac2025